Torquemada en el purgatorio

Saved in:
Bibliographic Details
Main Author: Pérez Galdos, B. Autor
Format: Unknown
Language:Spanish
Published: Madrid Sucesores de Hernando 1920
Textbook Catalogue:MANES:  Library Catalog Search Result
Textbook Classification:
Series:Novelas españolas contemporaneas
Tags: Add Tag
No Tags, Be the first to tag this record!
Added to:2016-04-26

MARC

LEADER 000000000a22000000004500
001 18470
003 OSt
008 160427s sp ||||| |||| 00| 0 spa d
041 1 |a spa 
040 |c centro_manes 
691 0 |a SE 
100 1 |a Pérez Galdos, B.  |b Autor  |9 11855 
245 0 0 |a Torquemada en el purgatorio 
260 3 |a Madrid  |b Sucesores de Hernando  |c 1920 
300 |a 292p  |c 17,5 * 12 cm 
440 |a Novelas españolas contemporaneas  |9 13218 
500 |a ILUSTRACIONES: No contiene. ENCUADERNACIÓN: Tela. DESCRIPCIÓN CONTENIDO: Texto de novela histórico. PALABRAS CLAVE: Libro de lectura. NéMERO EJEMPLARES: 1. Nº TOPOGRÁFICO: 2965. CONSERVACIÓN: Buena.  |a nivel: Libro para el Bachillerato. 
690 0 |a HI 
942 |2 ddc  |c BK 
546 |a España 
999 |c 24439  |d 24439 
999 |c manes:24439  |d 24439